| 000 | 00729cab a2200229 4500 | ||
|---|---|---|---|
| 001 | WB3422-50 | ||
| 008 | 090401t1998 xxu||||| |||| 00| 0 eng d | ||
| 035 | _a(Sirsi) u86791 | ||
| 041 | _aeng | ||
| 245 | _aCase for road pricing gathers speed | ||
| 260 | _c1998 | ||
| 350 | _a0 | ||
| 490 |
_aFinancial Times _v12 June 1998, 10(1) |
||
| 520 | _aReports on the success of a traffic reducing scheme in Leicester where road pricing was tried for the first time in the UK. | ||
| 650 | _aLEICESTER | ||
| 650 | _aROAD PRICING | ||
| 650 | _aPROPERTY-INFRASTRUCTURE-TRANSPORT INFRASTRUCTURE-ROAD INFRASTRUCTURE | ||
| 650 | _aTRAFFIC REDUCTION | ||
| 690 | _aTRANSPORT AND COMMUNICATIONS | ||
| 942 | _n0 | ||
| 948 | _c12/06/1998 | ||
| 999 |
_c54661 _d54661 |
||